Το διεθνές δικαστήριον των Ηνωμένων Εθνών και η ανάγκη ενισχύσεως του ρόλου του εις την δικαστικήν διευθέτησιν των διεθνών διαφορών
Αποθηκεύτηκε σε:
| Κύριος συγγραφέας: | |
|---|---|
| Μορφή: | Βιβλίο |
| Γλώσσα: | Greek |
| Δημοσίευση: |
Αθήνα :
Αντ. Ν. Σάκκουλα,
[19--]
|
| Θέματα: | |
| Ετικέτες: |
Προσθήκη ετικέτας
Δεν υπάρχουν, Καταχωρήστε ετικέτα πρώτοι!
|
MARC
| LEADER | 00000cam a2200000 i 4500 | ||
|---|---|---|---|
| 001 | 1/9893 | ||
| 008 | 000828q gr | ||| |||| ||gre|| | ||
| 020 | |a 9602324112 | ||
| 035 | |l 10063232 | ||
| 040 | |a GR-MyUa |b gre |e AACR2 | ||
| 041 | 0 | |a gre | |
| 082 | 7 | |a 341.552 |2 (22) | |
| 100 | 1 | |a Χορτάτος, Κωνσταντίνος Π. | |
| 245 | 1 | 3 | |a Το διεθνές δικαστήριον των Ηνωμένων Εθνών και η ανάγκη ενισχύσεως του ρόλου του εις την δικαστικήν διευθέτησιν των διεθνών διαφορών / |c Κωνσταντίνου Π. Χορτάτου. |
| 260 | |a Αθήνα : |b Αντ. Ν. Σάκκουλα, |c [19--] | ||
| 300 | |a 298 σ. ; |c 24 εκ. | ||
| 504 | |a Περιέχει βιβλιογραφία και ευρετήριο. | ||
| 610 | 2 | 0 | |a International Court of Justice. |
| 852 | |a INST |b CHIOS |e 20000828 |h 341.552 ΧΟΡ |p 005200018788 |q 005200018788 |t BK |y 0 | ||
| 901 | |a BIBL2-2000-2 | ||
| 970 | |z 2000/08/ΣΟΦΙΑ | ||